000 004170000a22001450004500
090 _aAR
_b02190
245 1 0 _aEvaluation of the first inventory of South American wetlands
650 1 4 _aConservación
_992401
650 1 4 _aTrópicos
_943
650 1 4 _aImpacto antrópico
_994023
041 0 _aInglés
100 1 _aNaranjo Henao, Luis Germán
_93891
942 _cARTICULO
773 1 _tVegetario
_3286
_q125-129
_d1995
_g118
999 _c11262
_d11262